Journal of Educational Research & Development / Jiao Yu Yan Jiu Yu Fa Zhan Gi Kan

Na minha lista:
Detalhes bibliográficos
Formato: Recurso Electrónico Periódico
Acesso em linha:Available in Education Source.
Tags: Adicionar Tag
Sem tags, seja o primeiro a adicionar uma tag!

MARC

LEADER 00000nas a22000002 4500
001 ebs76855679e
003 EBZ
006 m d ||||||
007 cr|unu||||||||
008 241105| xx uu p o 0 0||| d
022 |y 1816-6504 
035 |a (EBZ)ebs76855679e 
040 |a EBZ 
042 |a msc 
130 0 |a Journal of Educational Research & Development / Jiao Yu Yan Jiu Yu Fa Zhan Gi Kan (Online) 
222 1 0 |a Journal of Educational Research & Development / Jiao Yu Yan Jiu Yu Fa Zhan Gi Kan 
245 0 0 |a Journal of Educational Research & Development / Jiao Yu Yan Jiu Yu Fa Zhan Gi Kan  |h [electronic resource]. 
773 0 |t Education Source   |d EBSCO 
856 4 0 |3 Abstracts available: Jan 2019-.  |z Available in Education Source.  |u https://researchs.unach.elogim.com/direct.asp?db=eue&jid=LU8O&scope=site 
901 |a Academic Journal